000 00883nam a2200229 a 4500
001 000024444
005 20200930023158.0
008 110127s2006 sp a r 000 0 spa d
020 _a847908894X
040 _aDO-SdBNP
_bspa
_cBNPHU
082 _aNNN
_bU54
245 0 1 _aUn diálogo americano :
_bmodernismo brasileño y vanguardia uruguaya (1924-1932) /
_cPablo Rocca y Gênese Andrade editores ; investigación, recopilación y notas de Pablo Rocca ... [et al.].
260 _aAlicante, España :
_bUniversidad de Alicante,
_c2006.
300 _a345 p. ;
_c19 cm.
490 1 _aCuadernos de América sin nombre
_v15
500 _aIncluye notas al pie de las páginas
504 _aIncluye referencias bibliográficas
700 1 _aAndrade, Gênese
_eed.
_950114
700 1 _aRocca, Pablo
_eed.
_98972
830 0 _aCuadernos de América sin nombre ;
_v15
_97436
049 _aBNGR
999 _c23937
_d23937